At The Crossroad/ (Record no. 193061)

MARC details
000 -LEADER
fixed length control field 00642nam a22002057a 4500
005 - DATE AND TIME OF LATEST TRANSACTION
control field 20221014142145.0
010 ## - LCCN (DPL NO)
LC control number B-745966
020 ## - INTERNATIONAL STANDARD BOOK NUMBER
International Standard Book Number 9789390700042
Terms of availability 350.00
035 ## - SYSTEM CONTROL NUMBER
System control number B-745966
037 ## - SOURCE OF ACQUISITION
Source of stock number/acquisition Indra Publication House
082 ## - DEWEY DECIMAL CLASSIFICATION NUMBER
Classification number N
100 ## - MAIN ENTRY--PERSONAL NAME
Personal name Chandrabhan 'Rahi'
245 ## - TITLE STATEMENT
Title At The Crossroad/
Statement of responsibility, etc Chandrabhan 'Rahi'
250 ## - EDITION STATEMENT
Edition statement 1st
260 ## - PUBLICATION, DISTRIBUTION, ETC. (IMPRINT)
Place of publication, distribution, etc Bhopal
Name of publisher, distributor, etc Indra Publication House
Date of publication, distribution, etc 202
270 ## - ADDRESS
Address E-5/21, Arera Colony, Habibganj, Police Station Road,
City Bhopal
Postal code 462016
300 ## - PHYSICAL DESCRIPTION
Extent 208p.
Dimensions 22cm(pbk)
942 ## - ADDED ENTRY ELEMENTS (KOHA)
Source of classification or shelving scheme Dewey Decimal Classification
Item type English Books
Call number suffix CHA
Classification part N
Holdings
Withdrawn status Lost status Not for loan Collection code Home library Current library Date acquired Source of acquisition Cost, normal purchase price Full call number Barcode Copy number Cost, replacement price Koha item type Public note
      Fiction Kadipur Kadipur 14/10/2022 6.10.22/Gift 350.00 N CHA B-745966 1 350.00 English Books Gift

© Delhi Public Library
Hit Counter
free hit counter